NBA Top 10 Draft Busts Of All Time - Statistics

General Stats
  • This quiz has been taken 413 times
  • The average score is 3 of 10
Answer Stats
Rank Answer % Correct
4 Greg Oden
73%
6 Kwame Brown
61%
1 Sam Bowie
37%
2 Darko Milicic
36%
3 Michael Olowokandi
24%
5 LaRue Martin
16%
7 Adam Morrison
10%
10 Jay Williams
10%
9 Robert Traylor
3%
8 Chris Washburn
1%
No matching quizzes found
Score Distribution
Percent of People with Each Score
Percentile by Number Answered
Your Score History
You have not taken this quiz